000 00996nam a22003137a 4500
001 000739
003 DO-SdBNP
005 20161124100323.0
007 000739
008 161124b 1992 sp a ||||| |||| 00| 0 spa d
020 _a8434811375
040 _aBPMSU
_bspa
_cBPMSU
082 _axxxx
_bxxxx
240 1 _aTerror in Winnipeg.
_lEspañol
245 1 0 _aTerror en Winnipeg /
_cEric Wilson ; traducción, Pedro Barbadillo ; ilustraciones, Gawin Rowe.
250 _a12ª ed.
260 _aMadrid :
_bSM,
_c1992.
300 _a162 p. :
_bil. ;
_c19 cm.
490 1 _aEl barco de vapor. Serie naranja
_v37
490 1 _aEl barco de vapor
_v16
500 _aApartir de 9 años
501 _aIncluye datos del autor
700 1 2 _aRowe, Gawin,
_eil.
700 1 2 _aBarbadillo, Pedro (Barbadillo Gómez)
_etr.
830 0 _aEl barco de vapor. Serie naranja ;
_v37
830 0 _aEl barco de vapor ;
_v16
942 _2ddc
_cBK
956 _2LOPEREZ
_310
_620161124
_8BPMSU
_a00041
999 _c12087
_d12087